| 000 | 01952nam a2200469 4500 | ||
|---|---|---|---|
| 999 |
_c4137 _d4137 |
||
| 003 | AKMAL | ||
| 005 | 20170525113831.0 | ||
| 008 | 170525s1992 my a00 may d | ||
| 020 |
_a9836227393: _cRM20.00 |
||
| 040 | _aAKMAL | ||
| 082 | 0 | 4 |
_a925.0955 SAI _221 |
| 090 | 0 | 0 |
_a925.0955 _bSAI |
| 100 | 1 |
_aSaid, Hakim Mohammad, _d1920- _98116 |
|
| 245 | 1 | 0 |
_aAl-Biruni : _bzaman, kehidupan dan peranannya / _cHakim Mohammed Said, Ansar Zahid Khan ; penterjemah Abd. Latif Samian |
| 260 |
_aKuala Lumpur : _bDewan Bahasa dan Pustaka, _c1992 |
||
| 300 |
_axiii, 242ms. : _bil. ; _c22cm |
||
| 500 | _aTerjemahan dari : Al-Biruni : His times, life and works.- Pakistan : Hamdard Academy, 1981 | ||
| 504 | _aBibliografi : ms. 230-235 | ||
| 505 | 0 | _aMengandungi indeks | |
| 521 | _aPeringkat pembaca : Dewasa | ||
| 600 | 0 |
_aal-Biruni, Muhammad ibn Ahmad, _d973-1048 _98117 |
|
| 650 | 1 | 0 |
_aAstronomy, Medieval _98118 |
| 650 | 2 | 0 |
_aScientists, Iran _xBiography _98119 |
| 700 | 1 |
_aKhan, Ansar Zahid _98120 |
|
| 700 | 0 |
_aAbd. Latif Samian _98121 |
|
| 856 | 4 | 1 |
_uftp://tag856.pnm.gov.my/tag856/buku/9836227393.pdf _yElectronic Resource |
| 942 |
_2ddc _cBOOK |
||